Library Banner

The story of pain : (Record no. 102928)

MARC details
000 -LEADER
fixed length control field 00715cam a22002417i 4500
001 - CONTROL NUMBER
control field 17857874
005 - DATE AND TIME OF LATEST TRANSACTION
control field 20180209102718.0
008 - FIXED-LENGTH DATA ELEMENTS--GENERAL INFORMATION
fixed length control field 130820t20142014nyua b 001 0 eng d
020 ## - INTERNATIONAL STANDARD BOOK NUMBER
International Standard Book Number 9780199689422
020 ## - INTERNATIONAL STANDARD BOOK NUMBER
International Standard Book Number 0199689423
040 ## - CATALOGING SOURCE
Transcribing agency PK-LaUMT
082 04 - DEWEY DECIMAL CLASSIFICATION NUMBER
Classification number 616.047209
Item number BOU-S
100 1# - MAIN ENTRY--PERSONAL NAME
Personal name Bourke, Joanna
245 14 - TITLE STATEMENT
Title The story of pain :
Remainder of title from prayer to painkillers /
Statement of responsibility, etc Joanna Bourke
260 ## - PUBLICATION, DISTRIBUTION, ETC. (IMPRINT)
Place of publication, distribution, etc Oxford :
Name of publisher, distributor, etc Oxford University Press,
Date of publication, distribution, etc 2014
300 ## - PHYSICAL DESCRIPTION
Extent x, 396 p. :
Other physical details illustrations ;
Dimensions 25 cm
650 #0 - SUBJECT ADDED ENTRY--TOPICAL TERM
Topical term or geographic name as entry element Pain perception.
650 #0 - SUBJECT ADDED ENTRY--TOPICAL TERM
Topical term or geographic name as entry element Pain
General subdivision History.
650 #0 - SUBJECT ADDED ENTRY--TOPICAL TERM
Topical term or geographic name as entry element Pain
General subdivision Psychological aspects.
650 #0 - SUBJECT ADDED ENTRY--TOPICAL TERM
Topical term or geographic name as entry element English language
Chronological subdivision 18th century.
650 #0 - SUBJECT ADDED ENTRY--TOPICAL TERM
Topical term or geographic name as entry element Pain
General subdivision Treatment
-- History.
942 ## - ADDED ENTRY ELEMENTS (KOHA)
Koha item type Books
Holdings
Withdrawn status Lost status Damaged status Home library Current library Date acquired Full call number Barcode Date last seen Price effective from Koha item type
      UMT Main Campus UMT Main Campus 2018-02-09 616.047209 BOU-S 118771 2018-02-09 2018-02-09 Books